01086nam a2200253Ia 450000500170000000800410001708200200005811000450007824501440012325000190026730000420028660000380032861000660036665000380043271000340047094200130050426400420051733600270055933700330058633800280061904000350064799900150068295201350069720220317001216.0160825s1999 ck g 000 0 spa 04aR 708.074bB31p2 aBanco de la República. Bogotá92078510aPancho Fierro, 1809?-1879, colecciones del Banco Central de Reserva del Perú y del Museo de Arte de Lima cBiblioteca Luis Ángel Arango a1a. edición  a52 páginas bilustraciones c23 cm 14aFierro, Panchod1809 -18799676562 aBiblioteca Luis Ángel Arango (Bogota)vExposiciones 967657142LEMBaPintores peruanosySiglo XX aMuseo de arte de lima 967659 2ddccREF aBogotábArchivos del índicec1998 atextobtxt2rdacontent asin mediaciónbn2rdamedia avolumenbnc2rdacarrier aCO-BoRNBPbspaerdacCO-BoRNBP c6252d6252 00102ddc40708GENaMEDORADObMEDORADOcREFd2023-02-17l0oR 708.074 B31ppDOR01257r2023-02-17 00:00:00tEj.1w2023-02-17yREF